000 06458cam a2200385 i 4500
001 990412565
003 OCoLC
005 20240408203523.0
008 170807t20172017gw b 001 0 eng d
010 _a2017366463
020 _a9783161547355
020 _a3161547357
024 3 _a9783161547355
035 _a(OCoLC)990412565
_z(OCoLC)974563948
_z(OCoLC)974673677
_z(OCoLC)974698089
_z(OCoLC)974747900
_z(OCoLC)974974810
_z(OCoLC)975009748
_z(OCoLC)975133968
040 _aOHX
_beng
_erda
_cDLC
_dOHX
_dBTCTA
_dYDX
_dQGE
_dEMT
_dOCLCF
_dDTM
_dOCLCO
_dSTF
_dOCLCQ
_dOCLCO
_dOCLCA
_dEXN
042 _alccopycat
049 _aEXNS
100 1 _aWang, Sunny Kuan-Hui,
_d1975-
_eauthor.
245 1 0 _aSense perception and testimony in the Gospel according to John /
_cSunny Kuan-Hui Wang.
260 _aTübingen :
_bMohr Siebeck,
_cc2017.
300 _axiv, 257 pages ;
_c24 cm.
336 _atext
_2rdacontent.
337 _aunmediated
_2rdamedia.
338 _avolume
_2rdacarrier.
490 1 _aWissenschaftliche Untersuchungen zum Neuen Testament. 2. Reihe;
_v435.
500 _aRevised thesis (doctoral)-- Durham University, 2014.
504 _aIncludes bibliographical references (pages 223-240) and indexes.
505 0 0 _gPreface --
_gAbbreviations --
_tThe focus of the study --
_tIntroduction --
_tHistory of scholarship --
_tSense perception --
_tSense perception and faith --
_tSymbolic interpretation of sense perception --
_tThe range of senses --
_tTestimony --
_tTestimony and revelation --
_tRhetorical purpose and technique --
_tSense perception and testimony --
_tThe aim and the structure of this study --
_tThe aim of this study --
_tThe structure of the study --
_tAn overview of sense perception and testimony --
_tStatistics and distribution --
_tThe prologue (John 1:1-18) --
_tThe testimony of the baptist and the first disciples (John 1:19-51) --
_tThe public ministry of Jesus (John 2-12) --
_tThe farewell discourse (John 13-17) --
_tThe passion and resurrection of Jesus (John 18-21) --
_tProblems with sense perception --
_tThe undefined object --
_tThe vision of the invisible : glory, the spirit and the lamb of god --
_tThe perception of god by privileged witnesses --
_tThe perception of signs within the narrative --
_tPerception pre- and post-easter --
_tJohn's use of testimony language --
_tThe intended audience and the purpose of the gospel --
_tJohn 20 : 30-31 --
_tTextual variant in John 20:31a --
_tThe construction of ̋iva + ... --
_tJohn's concept of faith --
_tThe content of the gospel --
_tStructure and presentation --
_tThe language of abiding and indwelling --
_tAmbiguities and allusiveness in language --
_tThe paraclete --
_tThe mission motif --
_tConclusion --
_tSense Perception, the knowledge of god and testimony in the jewish scriptures --
_tTheophany --
_tJacob's ladder (...) (Gen 28:10-17) --
_tTheophany on mount sinai --
_tThe Israelites' perception of god (exodus 19-20) --
_tMoses' perception of god (exodus 33-34) --
_tThe exodus miracles --
_tCommunal vision in deuteronomy --
_tThe tabernacle and the ark of testimony --
_tProphetic sign-acts --
_tThe book of isaiah --
_tThe motif of blindness and deafness --
_tThe motif of light and darkness --
_tThe motif of trial and sense perception --
_tConclusion --
_tSense perception and testimony in the graeco-roman world --
_tTechniques in judicial oratory to 'bring before the eyes' the thing told : ... and ... --
_t' ... --
_t' ... --
_tRhetorical appeal to emotion --
_tWays to achieve ... --
_tAn analysis of Plato's apology and Cicero's verrine orations --
_tPlato's apology --
_tRepetition and the presence of the crowd --
_tRepetition, contrast and creating a pictorial image by noting particular features of actions and objects --
_tVerbal cues to prompt imagination --
_tRepetition with a description of sudden actions --
_tCicero's verrine orations --
_tUsing dialogues, contrast and creating a pictorial image by noting particular features of actions and objects --
_tCreating a pictorial image by noting particular features of actions and objects and mentioning the presence of a crowd --
_tContrast --
_tUsing verbal cues to trigger imagination --
_tRepetition and the presence of the crowd --
_tConclusion --
_tThe theological significance of sense perception --
_tThe theological significance of Jesus' sense perception and testimony --
_tJesus' divine origin and his exegesis of God --
_tJesus' perception of God --
_tJesus sees the father (John 5:19-20, 37; 6:46) --
_tJesus hears the father (John 8:26, 40) --
_tSeeing Jesus is seeing the father (John 14:7-11; cf. John 12:45) --
_tJesus' testimony --
_tJesus' perception of the first disciples --
_tCharacters who 'saw and testified' to Jesus --
_tThe baptist as a privileged witness --
_tThe beloved disciple as a privileged witness --
_tConclusion --
_tThe ideology of the narrator --
_tSense perception and spiritual insight --
_tTestimony during Jesus' public ministry --
_tSigns and faith --
_tChanging water into wine --
_tHealing the official's son --
_tHealing the paralysed man --
_tFeeding the five thousand --
_tHealing the blind man --
_tThe raising of lazarus --
_tOther testimonies --
_tThe samaritans and their testimony (John 4:7-30, 4:39-12) --
_tThe cleansing of the temple --
_tThe anointing of Jesus --
_tThe close of Jesus' public ministry --
_tConclusion --
_tWitnessing the passion, death and resurrection --
_tThe absence of Jesus and the coming of the spirit --
_tPromise of the paraclete --
_t'Doubting thomas' and later generations of disciples --
_tThe character of Thomas (John 11:16; 14:5 and 20:24-29) --
_tThe meaning of John 20:29 --
_tConclusion --
_tSense perception and testimony --
_tJesus' testimony to the truth --
_tThe use of ' ... in Jesus' passion, death and resurrection --
_tThe disciples' testimony to Jesus : models of seeing and believing --
_tA prophetic sign and Its imitation in the life of the church --
_tFootwashing as a prophetic sign-Act --
_tVivid description of footwashing --
_tSense perception and testimony in johannine tradition --
_tSense perception and testimony in John 21 --
_tSense perception and testimony in 1 John --
_gConclusion --
_gConclusion --
_gBibliography --
_gIndex of references --
_gIndex of modern authors --
_gIndex of subjects.
630 0 0 _aBible.
_pJohn
_xCriticism, interpretation, etc.
650 0 _aSenses and sensation in the Bible.
776 0 _z9783161551154.
776 0 _w(GyWOH)har170302693.
830 0 _aWissenschaftliche Untersuchungen zum Neuen Testament.
_n2. Reihe ;
_v435.
942 _2lcc
_cBK
_01
999 _c51699
_d51699